000 00981nam a2200229Ia 4500
999 _c45438
_d45438
001 12262
003 GE_BSU
005 20211130121429.0
008 181216s2008||||enk|||||||||||||| ||eng||
020 _a9780080450797
040 _cGE_BSU
080 _a005.21(075.8) H-22
245 _aHandbook of Hospitality strategic management /
_cEdited by Michael Olsen, Jinlin Zhao.
264 _aAmsterdam:
_bElsevier,
_c2008.
300 _a488 p.;
_b25 cm.
653 _aHandbook of Hospitality strategic management
653 _aСправочник по стратегическому менеджменту в сфере гостеприимства
653 _aსტუმართმოყვარეობის სტრატეგიული მენეჯმენტის სახელმძღვანელო
700 _aOlsen, Michael
_eრედაქტორი
_913115
700 _aZhao, Jinlin
_eრედაქტორი
_913116
942 _cBK
_2udc